[Event "11th Capablanca Memorial"]
[Site "Camaguey CUB"]
[Date "1974.??.??"]
[Round "5"]
[White "Vasiukov, Evgeny"]
[Black "Garcia Gonzales, Guillermo"]
[Result "1/2-1/2"]
[WhiteElo "2560"]
[BlackElo "2470"]
[EventDate "1974.03.15"]
[PlyCount "137"]

1.e4 d6 2.d4 Nf6 3.Nc3 g6 4.Nf3 Bg7 5.Be2 O-O 6.O-O Nc6 7.Be3 Re8 8.d5 Nb8
9.Qd2 Bg4 10.Rad1 Bxf3 11.Bxf3 Nbd7 12.Be2 e6 13.dxe6 Rxe6 14.f3 Re8 15.
Bc4 a6 16.a4 Ne5 17.Bb3 Qd7 18.Kh1 b5 19.Qe2 Rab8 20.Ba7 Rb7 21.Bd4 Nc6 
22.Bxf6 Bxf6 23.axb5 axb5 24.Nd5 Bg7 25.c3 Na5 26.Ba2 c6 27.Nb4 Ra7 28.Qd2
Bf8 29.Qf2 Rb7 30.Rfe1 Nc4 31.Nd3 Qc7 32.f4 Qb6 33.Qf3 Rbe7 34.h4 d5 35.e5
f6 36.b3 Na3 37.Re2 Bg7 38.Rde1 fxe5 39.fxe5 Qc7 40.Qf4 Rf7 41.Qg4 Ref8 
42.Kg1 Rf5 43.Qb4 Qa7+ 44.Qd4 Ra8 45.Rf1 Qxd4+ 46.cxd4 Rxf1+ 47.Kxf1 Bf8 
48.Ne1 b4 49.Nf3 Be7 50.Kf2 Kf8 51.Kg3 Ra5 52.Rf2 Ke8 53.Rb2 Kd7 54.Kg4 c5
55.dxc5 Rxc5 56.Bb1 Nxb1 57.Rxb1 Rc3 58.h5 Re3 59.h6 Re4+ 60.Kg3 Bc5 61.
Rd1 Kc6 62.Ra1 Kb5 63.Ra8 Be3 64.Rb8+ Kc5 65.Rc8+ Kb5 66.Rb8+ Kc5 67.Rc8+ 
Kb6 68.Rb8+ Kc5 69.Rc8+ 1/2-1/2

[Event "11th Capablanca Memorial"]
[Site "Camaguey CUB"]
[Date "1974.??.??"]
[Round "5"]
[White "Fernandez Gonzalez, Juan Carlos"]
[Black "Schmidt, Wlodzimierz"]
[Result "0-1"]
[WhiteElo "2435"]
[BlackElo "2455"]
[EventDate "1974.03.15"]
[PlyCount "31"]

1.d4 Nf6 2.c4 g6 3.Nc3 d5 4.Bf4 Bg7 5.Rc1 O-O 6.e3 c5 7.dxc5 Be6 8.Nf3 Nc6
9.Ng5 Bg4 10.f3 e5 11.cxd5 exf4 12.dxc6 Qe7 13.fxg4 Qxe3+ 14.Ne2 Rad8 15.
Qb3 Qd2+ 16.Kf2 0-1

[Event "11th Capablanca Memorial"]
[Site "Camaguey CUB"]
[Date "1974.??.??"]
[Round "6"]
[White "Rossetto, Hector Decio"]
[Black "Fernandez Gonzalez, Juan Carlos"]
[Result "1/2-1/2"]
[WhiteElo "2435"]
[BlackElo "2435"]
[EventDate "1974.03.15"]
[PlyCount "86"]

1.d4 Nf6 2.Nf3 g6 3.Bg5 Bg7 4.e3 O-O 5.Nbd2 c5 6.c3 d6 7.Be2 b6 8.O-O Bb7 
9.a4 a6 10.Re1 Nbd7 11.Bf1 d5 12.h3 Re8 13.Bf4 Ne4 14.Nxe4 dxe4 15.Ne5 
Nxe5 16.dxe5 e6 17.Qb3 Bd5 18.c4 Bc6 19.Qc3 a5 20.Be2 Qc7 21.Bd1 Rad8 22.
Bc2 Rd7 23.Kf1 h6 24.Bg3 Red8 25.Ke2 Qb7 26.Red1 Rxd1 27.Rxd1 Rxd1 28.Bxd1
Qd7 29.b3 Kf8 30.Bc2 Ke8 31.Qa1 Kd8 32.f4 exf3+ 33.gxf3 Kc8 34.h4 h5 35.
Bf4 Bf8 36.Qg1 Be7 37.Bg5 Qd8 38.Bxe7 Qxe7 39.Qg3 Kd8 40.Qf4 Ke8 41.Bd3 
Qd8 42.Qg3 Qe7 43.Qf4 Qd8 1/2-1/2

[Event "11th Capablanca Memorial"]
[Site "Camaguey CUB"]
[Date "1974.??.??"]
[Round "6"]
[White "Cobo Arteaga, Eldis"]
[Black "Parma, Bruno"]
[Result "1/2-1/2"]
[WhiteElo "2395"]
[BlackElo "2500"]
[EventDate "1974.03.15"]
[PlyCount "30"]

1.Nf3 c5 2.c4 Nc6 3.Nc3 Nf6 4.g3 e6 5.Bg2 d5 6.cxd5 Nxd5 7.O-O Be7 8.b3 
O-O 9.Bb2 Bf6 10.Qc2 b6 11.Nxd5 exd5 12.d4 Qe7 13.Rfd1 Rd8 14.dxc5 Bxb2 
15.Qxb2 bxc5 1/2-1/2

[Event "11th Capablanca Memorial"]
[Site "Camaguey CUB"]
[Date "1974.??.??"]
[Round "6"]
[White "Spasov, Luben"]
[Black "Gufeld, Eduard"]
[Result "0-1"]
[WhiteElo "2470"]
[BlackElo "2500"]
[EventDate "1974.03.15"]
[PlyCount "112"]

1.d4 Nf6 2.c4 g6 3.Nc3 d5 4.Bf4 Bg7 5.Rc1 O-O 6.e3 c5 7.dxc5 Be6 8.Nf3 Nc6
9.Nd4 Nxd4 10.exd4 dxc4 11.Be2 Qd7 12.O-O Rad8 13.Be3 Ng4 14.Bf3 Bf5 15.
Qa4 Nxe3 16.Qxd7 Rxd7 17.fxe3 Bd3 18.Rfd1 e5 19.d5 f5 20.c6 Rdf7 21.b3 e4 
22.bxc4 Bh6 23.Rxd3 exd3 24.Nd1 bxc6 25.dxc6 Re7 26.Kf2 f4 27.Bd5+ Kg7 28.
e4 f3 29.Rb1 fxg2+ 30.Kxg2 Bf4 31.Nf2 d2 32.Nd3 Be3 33.e5 h5 34.e6 a6 35.
Rd1 g5 36.Ne5 Rf2+ 37.Kg3 Re2 38.Nd3 Bb6 39.c5 Bc7+ 40.Kf3 Rxh2 41.Ke3 g4 
42.Nf2 Rxf2 43.Kxf2 Bf4 44.Ke2 h4 45.Rb1 Kg6 46.Rb7 Rxb7 47.cxb7 Kf6 48.
b8=Q Bxb8 49.Bb7 Ke7 50.Be4 Kxe6 51.Kxd2 Bf4+ 52.Ke2 h3 53.Bb7 Kf6 54.Bc8 
Kg5 55.Be6 Kh4 56.c6 g3 0-1

[Event "11th Capablanca Memorial"]
[Site "Camaguey CUB"]
[Date "1974.??.??"]
[Round "6"]
[White "Knaak, Rainer"]
[Black "Estevez Morales, Guillermo"]
[Result "1-0"]
[WhiteElo "2475"]
[BlackElo "2345"]
[EventDate "1974.03.15"]
[PlyCount "61"]

1.d4 Nf6 2.c4 e6 3.Nc3 Bb4 4.e3 c5 5.Bd3 O-O 6.Nf3 d5 7.O-O dxc4 8.Bxc4 
cxd4 9.exd4 b6 10.Qe2 Bb7 11.Bg5 Nbd7 12.Rac1 Rc8 13.Ne5 Be7 14.Rfd1 Nd5 
15.Bd2 N7f6 16.Bd3 Nb4 17.Bb1 Ba6 18.Qe1 Nbd5 19.Ne4 Nxe4 20.Qxe4 Nf6 21.
Qh4 Qd5 22.Rxc8 Bxc8 23.Bg5 Bb7 24.f3 h6 25.Bxh6 gxh6 26.Qxh6 Qd8 27.Ng4 
Ne4 28.fxe4 Bg5 29.Qh5 Kg7 30.Ne5 Be3+ 31.Kh1 1-0

[Event "11th Capablanca Memorial"]
[Site "Camaguey CUB"]
[Date "1974.??.??"]
[Round "6"]
[White "Schmidt, Wlodzimierz"]
[Black "Vasiukov, Evgeny"]
[Result "1/2-1/2"]
[WhiteElo "2455"]
[BlackElo "2560"]
[EventDate "1974.03.15"]
[PlyCount "42"]

1.Nf3 d5 2.c4 d4 3.e3 Nc6 4.exd4 Nxd4 5.Nxd4 Qxd4 6.Nc3 Nf6 7.d3 e5 8.Be3 
Qd8 9.Be2 c6 10.O-O Bd6 11.d4 Qe7 12.dxe5 Bxe5 13.Bd4 O-O 14.Bxe5 Qxe5 15.
Re1 Qc7 16.Qc2 Re8 17.Bd3 Bd7 18.Ne4 Ng4 19.Ng3 Nf6 20.Ne4 Ng4 21.Ng3 Nf6 
1/2-1/2

[Event "11th Capablanca Memorial"]
[Site "Camaguey CUB"]
[Date "1974.??.??"]
[Round "6"]
[White "Pinal Borges, Nelson"]
[Black "Garcia Martinez, Silvino"]
[Result "0-1"]
[WhiteElo "2310"]
[BlackElo "2450"]
[EventDate "1974.03.15"]
[PlyCount "42"]

1.e4 c5 2.Nf3 d6 3.Bb5+ Nc6 4.O-O Bg4 5.c3 a6 6.Bxc6+ bxc6 7.h3 Bh5 8.Re1 
e6 9.d3 Be7 10.Nbd2 Qc7 11.Qa4 Nf6 12.e5 Nd5 13.exd6 Bxd6 14.Ng5 Nf4 15.
Nc4 Nxd3 16.Rxe6+ fxe6 17.Nxe6 Bh2+ 18.Kf1 Qd7 19.Nxg7+ Kf7 20.Bf4 Be2+ 
21.Kxe2 Nxf4+ 0-1

[Event "11th Capablanca Memorial"]
[Site "Camaguey CUB"]
[Date "1974.??.??"]
[Round "6"]
[White "Pfleger, Helmut"]
[Black "Andersson, Ulf"]
[Result "1/2-1/2"]
[WhiteElo "2520"]
[BlackElo "2555"]
[EventDate "1974.03.15"]
[PlyCount "81"]

1.Nf3 Nf6 2.c4 b6 3.g3 Bb7 4.Bg2 c5 5.O-O g6 6.Nc3 Bg7 7.d3 O-O 8.Bf4 Nc6 
9.Qd2 Rc8 10.Bh6 d5 11.cxd5 Nxd5 12.h4 Nf6 13.Rac1 Qd7 14.Bxg7 Kxg7 15.Qf4
Rfe8 16.Ne5 Nxe5 17.Qxe5 Bxg2 18.Kxg2 Rc6 19.Rfd1 Qb7 20.Kg1 Re6 21.Qf4 
Rd8 22.e3 Red6 23.d4 cxd4 24.Rxd4 Rxd4 25.exd4 Rd6 26.Rd1 b5 27.a3 a5 28.
d5 b4 29.Ne4 Nxe4 30.Qxe4 bxa3 31.bxa3 h5 32.Rb1 Qd7 33.Qd4+ Kh7 34.Rb8 f6
35.Qc4 Rxd5 36.Kh2 Kg7 37.Rc8 Qd6 38.Re8 Qd7 39.Rxe7+ Qxe7 40.Qxd5 Qxa3 
41.Qd7+ 1/2-1/2

[Event "11th Capablanca Memorial"]
[Site "Camaguey CUB"]
[Date "1974.??.??"]
[Round "7"]
[White "Fernandez Gonzalez, Juan Carlos"]
[Black "Pinal Borges, Nelson"]
[Result "1-0"]
[WhiteElo "2435"]
[BlackElo "2310"]
[EventDate "1974.03.15"]
[PlyCount "113"]

1.e4 c5 2.Nf3 d6 3.d4 cxd4 4.Nxd4 Nf6 5.Nc3 a6 6.Be2 e5 7.Nb3 Be6 8.f4 Qc7
9.a4 Be7 10.O-O O-O 11.Kh1 Nbd7 12.Be3 exf4 13.Rxf4 Rfe8 14.Nd4 Bf8 15.
Nxe6 fxe6 16.Rf1 Rac8 17.Bd4 Ne5 18.Qe1 Be7 19.Qg3 Nfd7 20.Rf2 Bf6 21.Raf1
Qd8 22.Bh5 Rf8 23.Ne2 Qe7 24.Qb3 Nc5 25.Bxc5 dxc5 26.Nf4 c4 27.Qh3 Rc6 28.
Bg4 Nxg4 29.Qxg4 Qe8 30.Nh5 Qg6 31.Nxf6+ gxf6 32.Qxg6+ hxg6 33.Rxf6 Rxf6 
34.Rxf6 Rb6 35.h4 Kg7 36.e5 Rxb2 37.Rxe6 Rxc2 38.Re7+ Kf8 39.Rxb7 Re2 40.
Rc7 Rxe5 41.Rxc4 Ra5 42.Kh2 g5 43.hxg5 Rxg5 44.g4 Ke7 45.Kg3 Kd6 46.Kh4 
Rd5 47.g5 Rd1 48.Kh5 Rh1+ 49.Rh4 Rb1 50.g6 Ke7 51.Kh6 Kf8 52.Kh7 Rg1 53.
Rf4+ Ke8 54.g7 Rh1+ 55.Kg6 Rg1+ 56.Kf6 Rg2 57.Rf5 1-0

[Event "11th Capablanca Memorial"]
[Site "Camaguey CUB"]
[Date "1974.??.??"]
[Round "7"]
[White "Gufeld, Eduard"]
[Black "Cobo Arteaga, Eldis"]
[Result "1/2-1/2"]
[WhiteElo "2500"]
[BlackElo "2395"]
[EventDate "1974.03.15"]
[PlyCount "66"]

1.e4 e5 2.Nf3 Nc6 3.Bb5 a6 4.Ba4 Nf6 5.O-O Be7 6.Re1 d6 7.c3 O-O 8.h3 Bd7 
9.d4 Qe8 10.Bb3 Kh8 11.Nbd2 Ng8 12.dxe5 Nxe5 13.Nc4 Nxc4 14.Bxc4 Bf6 15.
Bf4 Be6 16.Qb3 Bxc4 17.Qxc4 Rc8 18.e5 dxe5 19.Nxe5 Bxe5 20.Rxe5 Qd7 21.
Rae1 c6 22.Qe2 Rcd8 23.Be3 Rfe8 24.Bb6 Rxe5 25.Qxe5 Rf8 26.Kh2 h6 27.c4 f5
28.Bc5 Rf7 29.f3 Kh7 30.Bb4 Qc7 31.Qxc7 Rxc7 32.g4 Kg6 33.Kg3 h5 1/2-1/2

[Event "11th Capablanca Memorial"]
[Site "Camaguey CUB"]
[Date "1974.??.??"]
[Round "7"]
[White "Garcia Gonzales, Guillermo"]
[Black "Schmidt, Wlodzimierz"]
[Result "1/2-1/2"]
[WhiteElo "2470"]
[BlackElo "2455"]
[EventDate "1974.03.15"]
[PlyCount "94"]

1.d4 Nf6 2.c4 c5 3.d5 g6 4.Nc3 Bg7 5.e4 d6 6.Be2 O-O 7.Bg5 h6 8.Be3 e6 9.
Qd2 exd5 10.exd5 Kh7 11.h3 Re8 12.Bd3 b5 13.cxb5 Nbd7 14.Nge2 Ne5 15.Ng3 
Nxd3+ 16.Qxd3 a6 17.O-O axb5 18.Nxb5 Bb7 19.Bf4 Ra4 20.Bd2 Ra8 21.Bc3 Nxd5
22.Bxg7 Kxg7 23.a3 Nf4 24.Qxd6 Nxg2 25.Qxc5 Nh4 26.f4 Nf3+ 27.Rxf3 Bxf3 
28.Nc7 Re7 29.Nxa8 Bxa8 30.Qf2 Qd5 31.f5 Re3 32.fxg6 Rf3 33.Qg2 Qc5+ 34.
Kh2 fxg6 35.Rf1 Rf8 36.Qe2 Rxf1 37.Qxf1 Qc2+ 38.Qe2 Qc6 39.Qe7+ Kg8 40.
Qd8+ Kf7 41.Qd2 h5 42.h4 g5 43.hxg5 h4 44.Qf4+ Kg8 45.Ne4 Qxe4 46.Qxe4 
Bxe4 47.Kh3 Bc2 1/2-1/2

[Event "11th Capablanca Memorial"]
[Site "Camaguey CUB"]
[Date "1974.??.??"]
[Round "7"]
[White "Estevez Morales, Guillermo"]
[Black "Pfleger, Helmut"]
[Result "0-1"]
[WhiteElo "2345"]
[BlackElo "2520"]
[EventDate "1974.03.15"]
[PlyCount "150"]

1.e4 c6 2.d4 d5 3.exd5 cxd5 4.c4 Nf6 5.Nc3 e6 6.Nf3 Be7 7.cxd5 Nxd5 8.Bd3 
Nc6 9.O-O O-O 10.a3 Nf6 11.Re1 b6 12.Bg5 Bb7 13.Bc2 Rc8 14.Qd3 g6 15.Rad1 
Re8 16.Qd2 Na5 17.Ne5 Nd5 18.Bh6 Nc4 19.Nxc4 Rxc4 20.Nxd5 Bxd5 21.Bb3 Rc7 
22.Ba4 Bc6 23.Bxc6 Rxc6 24.d5 Rd6 25.Qd4 Bf8 26.Bxf8 Rxf8 27.Qa4 Rxd5 28.
Rxd5 Qxd5 29.Rd1 Qe5 30.b4 a5 31.g3 Kg7 32.Qc6 axb4 33.axb4 b5 34.Kg2 g5 
35.Rd7 Rb8 36.Qf3 Qf6 37.Qc6 g4 38.Qe4 h5 39.Qc6 Qf5 40.Qc3+ Qf6 41.Rxf7+ 
Kxf7 42.Qc7+ Kg6 43.Qxb8 Qf3+ 44.Kg1 Qd1+ 45.Kg2 Qd5+ 46.Kg1 Qc4 47.Qe8+ 
Kf6 48.Qxh5 Qxb4 49.h4 gxh3 50.Qxh3 Qb1+ 51.Qf1 Qb3 52.Qc1 b4 53.Qf4+ Kg6 
54.Qe4+ Kf7 55.Qh7+ Kf6 56.Qh8+ Kf5 57.Qf8+ Ke4 58.Qa8+ Qd5 59.Qa1 b3 60.
Qe1+ Kd3 61.Qd1+ Kc4 62.Qc1+ Kb4 63.Qe1+ Kb5 64.Qe2+ Qc4 65.Qe5+ Kb4 66.
Qe1+ Qc3 67.Qxe6 b2 68.Qb6+ Kc4 69.Kh2 Qd4 70.Qa6+ Kc3 71.Qa5+ Kc2 72.Qf5+
Qd3 73.Qc5+ Kd1 74.Qh5+ Ke1 75.Qe5+ Kf1 0-1

[Event "11th Capablanca Memorial"]
[Site "Camaguey CUB"]
[Date "1974.??.??"]
[Round "7"]
[White "Parma, Bruno"]
[Black "Ribli, Zoltan"]
[Result "0-1"]
[WhiteElo "2500"]
[BlackElo "2525"]
[EventDate "1974.03.15"]
[PlyCount "70"]

1.e4 c5 2.Nf3 d6 3.d4 cxd4 4.Nxd4 Nf6 5.Nc3 a6 6.Be2 e6 7.f4 Be7 8.O-O O-O
9.Be3 Qc7 10.g4 b5 11.g5 Nfd7 12.a3 Nc6 13.f5 Nxd4 14.Qxd4 Re8 15.Rf2 Ne5 
16.Raf1 Bb7 17.f6 Bf8 18.Qd2 Rad8 19.Bd4 Rd7 20.Qe3 g6 21.h4 d5 22.exd5 
exd5 23.h5 Nc6 24.Qxe8 Nxd4 25.hxg6 hxg6 26.Bg4 Rd8 27.Qe3 Bc5 28.Qh3 Nxc2
29.b4 Bxf2+ 30.Rxf2 Qe5 31.Qh6 Qe1+ 32.Kh2 Qxf2+ 33.Kh3 Qe3+ 34.Kh2 Qe5+ 
35.Kg1 Qg3+ 0-1

[Event "11th Capablanca Memorial"]
[Site "Camaguey CUB"]
[Date "1974.??.??"]
[Round "7"]
[White "Garcia Martinez, Silvino"]
[Black "Knaak, Rainer"]
[Result "1/2-1/2"]
[WhiteElo "2450"]
[BlackElo "2475"]
[EventDate "1974.03.15"]
[PlyCount "55"]

1.c4 g6 2.g3 Bg7 3.Bg2 e5 4.Nc3 d6 5.e3 Nf6 6.Nge2 O-O 7.O-O c6 8.d4 Re8 
9.d5 e4 10.dxc6 Nxc6 11.b3 Bg4 12.h3 Bf3 13.Bb2 Qa5 14.Nb5 a6 15.Bc3 Qd8 
16.Nbd4 Ne5 17.Rc1 d5 18.c5 Bxg2 19.Kxg2 Nd3 20.Rc2 Rc8 21.b4 Nd7 22.a3 
N7e5 23.Nc1 Qd7 24.Nxd3 Nxd3 25.Ne2 Bxc3 26.Rxc3 Rc6 27.Nd4 Rf6 28.f4 
1/2-1/2

[Event "11th Capablanca Memorial"]
[Site "Camaguey CUB"]
[Date "1974.??.??"]
[Round "7"]
[White "Andersson, Ulf"]
[Black "Spasov, Luben"]
[Result "1-0"]
[WhiteElo "2555"]
[BlackElo "2470"]
[EventDate "1974.03.15"]
[PlyCount "105"]

1.Nf3 Nf6 2.c4 b6 3.g3 Bb7 4.Bg2 e6 5.O-O Be7 6.b3 O-O 7.Bb2 d5 8.cxd5 
exd5 9.d3 Nbd7 10.Nbd2 Re8 11.Rc1 Rc8 12.Re1 Bf8 13.Rc2 a5 14.Nd4 Bc5 15.
a3 Ng4 16.N2f3 Qf6 17.e3 Qd8 18.Qd2 c6 19.Rec1 Nb8 20.Nf5 Bf8 21.h3 Nf6 
22.b4 axb4 23.axb4 Na6 24.Bc3 Nc7 25.Ra2 Nb5 26.Ba1 Nd7 27.N3d4 Nxd4 28.
Nxd4 c5 29.bxc5 bxc5 30.Ne2 Ne5 31.d4 cxd4 32.Bxd4 Rxc1+ 33.Qxc1 Nc6 34.
Bc5 Bd6 35.Rd2 Ne7 36.Bxd6 Qxd6 37.Nf4 Qe5 38.Kh2 g6 39.Qc5 Rc8 40.Qb6 Bc6
41.Rc2 Rb8 42.Qc5 Qf6 43.Ra2 Rb5 44.Qc1 Rb4 45.Ra7 Rc4 46.Qa3 Nc8 47.Ra6 
Ne7 48.Qb3 Qe5 49.Ra7 Kg7 50.h4 h5 51.Bh3 Qd6 52.Qb2+ Qf6 53.Ne6+ 1-0

[Event "11th Capablanca Memorial"]
[Site "Camaguey CUB"]
[Date "1974.??.??"]
[Round "7"]
[White "Vasiukov, Evgeny"]
[Black "Rossetto, Hector Decio"]
[Result "1-0"]
[WhiteElo "2560"]
[BlackElo "2435"]
[EventDate "1974.03.15"]
[PlyCount "121"]

1.e4 e5 2.Nf3 Nf6 3.Nxe5 d6 4.Nf3 Nxe4 5.d4 Nf6 6.Bd3 Be7 7.h3 O-O 8.O-O 
Re8 9.c4 Nbd7 10.Nc3 Nf8 11.Re1 Ne6 12.b4 g6 13.Rb1 c6 14.Rb2 Bf8 15.Rbe2 
Bd7 16.Be3 Bg7 17.Qd2 Nc7 18.a4 Qc8 19.Bf4 Rxe2 20.Rxe2 d5 21.c5 Ne6 22.
Bh2 Qf8 23.Bd6 Bh6 24.Bxf8 Bxd2 25.Rxd2 Kxf8 26.g3 h6 27.Kg2 Ng5 28.Nxg5 
hxg5 29.Re2 Kg7 30.Re7 Rh8 31.g4 Re8 32.Re3 Nh7 33.Rxe8 Bxe8 34.b5 Nf8 35.
Kf3 Ne6 36.Ke3 Bd7 37.a5 Bc8 38.a6 bxa6 39.bxc6 Nc7 40.Kd2 Kf8 41.Bf1 Ke7 
42.Bg2 Be6 43.Ke3 f5 44.gxf5 gxf5 45.f4 gxf4+ 46.Kxf4 Kf6 47.h4 Bf7 48.Ke3
a5 49.Bf3 a4 50.Bd1 a3 51.Bb3 Kg6 52.Ba2 Kf6 53.Kf2 Kg7 54.Kg3 Kf6 55.Bb3 
a6 56.Ba2 Kg7 57.h5 Bxh5 58.Kf4 Be8 59.Kxf5 Kf7 60.Nxd5 Nxd5 61.c7 1-0

[Event "11th Capablanca Memorial"]
[Site "Camaguey CUB"]
[Date "1974.??.??"]
[Round "8"]
[White "Knaak, Rainer"]
[Black "Fernandez Gonzalez, Juan Carlos"]
[Result "1-0"]
[WhiteElo "2475"]
[BlackElo "2435"]
[EventDate "1974.03.15"]
[PlyCount "43"]

1.d4 Nf6 2.c4 g6 3.Nc3 Bg7 4.e4 d6 5.f3 O-O 6.Be3 a6 7.Bd3 Nc6 8.Nge2 e5 
9.d5 Nd4 10.Nxd4 exd4 11.Bxd4 Nh5 12.Bxg7 Qh4+ 13.g3 Nxg3 14.Bf6 Qh6 15.
hxg3 Qxh1+ 16.Kd2 Qg2+ 17.Qe2 Qxg3 18.Qe3 Qh2+ 19.Ne2 Bd7 20.Rg1 b5 21.Rg2
Qh3 22.Qf4 1-0

[Event "11th Capablanca Memorial"]
[Site "Camaguey CUB"]
[Date "1974.??.??"]
[Round "8"]
[White "Cobo Arteaga, Eldis"]
[Black "Andersson, Ulf"]
[Result "0-1"]
[WhiteElo "2395"]
[BlackElo "2555"]
[EventDate "1974.03.15"]
[PlyCount "58"]

1.g3 g6 2.Bg2 Bg7 3.d4 Nf6 4.e4 d6 5.Ne2 O-O 6.Nbc3 e5 7.O-O Nc6 8.dxe5 
dxe5 9.Qxd8 Rxd8 10.Bg5 Be6 11.f4 exf4 12.Nxf4 Bc4 13.Nd3 Ng4 14.Bxd8 Rxd8
15.h3 Ne3 16.Rf2 Bxd3 17.cxd3 Rxd3 18.Nd5 Bd4 19.Kh1 Nxd5 20.exd5 Bxf2 21.
dxc6 bxc6 22.g4 Bd4 23.Rb1 Rd2 24.b3 Rxa2 25.Bxc6 Kg7 26.Re1 Bc5 27.Bd5 
Bd6 28.Re3 Rh2+ 29.Kg1 Rd2 0-1

[Event "11th Capablanca Memorial"]
[Site "Camaguey CUB"]
[Date "1974.??.??"]
[Round "8"]
[White "Spasov, Luben"]
[Black "Estevez Morales, Guillermo"]
[Result "1/2-1/2"]
[WhiteElo "2470"]
[BlackElo "2345"]
[EventDate "1974.03.15"]
[PlyCount "154"]

1.d4 Nf6 2.c4 e6 3.Nf3 c5 4.d5 exd5 5.cxd5 g6 6.Nc3 Bg7 7.Nd2 O-O 8.g3 d6 
9.Bg2 Nbd7 10.O-O a6 11.a4 Re8 12.h3 Rb8 13.Nc4 Nb6 14.Na3 Na8 15.Re1 Nc7 
16.a5 b5 17.axb6 Rxb6 18.Nc4 Rb4 19.Na5 Bd7 20.Qc2 Qc8 21.Kh2 Nh5 22.Nc6 
Bxc6 23.dxc6 Nf6 24.Bf4 Ne6 25.Bxd6 Nd4 26.Qb1 Nxc6 27.Bxc5 Rc4 28.Ba3 h5 
29.Qa2 Ne5 30.Nd5 Nxd5 31.Bxd5 Qf5 32.Kg2 Rd4 33.Rad1 Rxd1 34.Rxd1 h4 35.
Qb3 Kh7 36.e4 Qf6 37.f4 hxg3 38.Qxg3 Nd7 39.e5 Qf5 40.Rf1 Nb6 41.Ba2 Nc4 
42.Bxc4 Qe4+ 43.Qf3 Qxc4 44.Bd6 Kg8 45.Rf2 Qe6 46.Bb4 Qf5 47.Bc3 Rd8 48.
Re2 Bh6 49.Re4 Kh7 50.Qe3 Bf8 51.Qe2 Re8 52.Rc4 Bh6 53.Qe4 Qd7 54.Rd4 Qb5 
55.Rb4 Qd7 56.Rb7 Qe6 57.Kg3 Rc8 58.Rb4 Bf8 59.Rd4 Bc5 60.Rd5 Be7 61.Qd3 
Kg7 62.Kg2 Rh8 63.Ra5 Rd8 64.Qxa6 Qb3 65.Qe2 Rd1 66.e6+ f6 67.Ra7 Qd5+ 68.
Kf2 Qc5+ 69.Qe3 Rf1+ 70.Ke2 Qc4+ 71.Kd2 Qd5+ 72.Bd4 Kf8 73.Qd3 Rf3 74.Be3 
Qxe6 75.Ra8+ Kf7 76.Ra4 Rxh3 77.Re4 Rh2+ 1/2-1/2

[Event "11th Capablanca Memorial"]
[Site "Camaguey CUB"]
[Date "1974.??.??"]
[Round "8"]
[White "Parma, Bruno"]
[Black "Gufeld, Eduard"]
[Result "1/2-1/2"]
[WhiteElo "2500"]
[BlackElo "2500"]
[EventDate "1974.03.15"]
[PlyCount "40"]

1.e4 e5 2.Nf3 Nc6 3.Bb5 a6 4.Ba4 Nf6 5.O-O Be7 6.Re1 b5 7.Bb3 d6 8.c3 O-O 
9.h3 h6 10.d4 Re8 11.Nbd2 Bf8 12.Nf1 Bd7 13.Ng3 Na5 14.Bc2 c5 15.b3 cxd4 
16.cxd4 Nc6 17.Bb2 Qb6 18.Qd2 Rac8 19.Rac1 g6 20.Bb1 Bg7 1/2-1/2

[Event "11th Capablanca Memorial"]
[Site "Camaguey CUB"]
[Date "1974.??.??"]
[Round "8"]
[White "Pinal Borges, Nelson"]
[Black "Vasiukov, Evgeny"]
[Result "1-0"]
[WhiteElo "2310"]
[BlackElo "2560"]
[EventDate "1974.03.15"]
[PlyCount "121"]

1.e4 c5 2.Nf3 Nc6 3.Bb5 g6 4.O-O Bg7 5.Re1 e5 6.Bxc6 dxc6 7.d3 Ne7 8.a4 
O-O 9.Na3 b6 10.Nc4 Qc7 11.a5 Be6 12.axb6 axb6 13.Bd2 Rfd8 14.h3 f6 15.Qe2
Kh8 16.Qf1 g5 17.Rxa8 Rxa8 18.Ra1 Rg8 19.Nh2 Ng6 20.Ra6 Nf4 21.Bxf4 gxf4 
22.Qa1 Bf8 23.Kh1 Qg7 24.Qf1 f5 25.Nd2 c4 26.exf5 Bxf5 27.Ne4 Bc8 28.Ra8 
Be6 29.Nf3 Bd5 30.Re8 cxd3 31.cxd3 Qg6 32.Rxe5 Bg7 33.Rg5 Qh6 34.Qc1 Rf8 
35.Rg4 c5 36.Rh4 Qg6 37.Rxf4 Ra8 38.Rg4 Qf7 39.Nfg5 Qe7 40.Rh4 h6 41.Nf3 
Qe6 42.Rf4 Bxe4 43.dxe4 Qb3 44.e5 Rd8 45.Kh2 Rd1 46.Qc3 Qd5 47.Qe3 Qe6 48.
Rf6 Bxf6 49.Qxh6+ Kg8 50.exf6 Rd7 51.Qg6+ Kf8 52.Ng5 Qe5+ 53.g3 Qe2 54.Kg2
Qe5 55.h4 b5 56.h5 Qe8 57.f7 Rxf7 58.Qxf7+ Qxf7 59.Nxf7 Kxf7 60.Kf3 b4 61.
Ke3 1-0

[Event "11th Capablanca Memorial"]
[Site "Camaguey CUB"]
[Date "1974.??.??"]
[Round "8"]
[White "Ribli, Zoltan"]
[Black "Schmidt, Wlodzimierz"]
[Result "0-1"]
[WhiteElo "2525"]
[BlackElo "2455"]
[EventDate "1974.03.15"]
[PlyCount "66"]

1.d4 Nf6 2.c4 g6 3.Nc3 Bg7 4.e4 d6 5.f3 O-O 6.Be3 e5 7.d5 c6 8.Qd2 cxd5 9.
cxd5 Nbd7 10.Nge2 a6 11.g4 h5 12.h3 Nh7 13.gxh5 Qh4+ 14.Bf2 Qxh5 15.Bg2 
Bh6 16.Qc2 Qg5 17.Ng3 b5 18.Nd1 Nc5 19.h4 Qe7 20.Be3 Bf4 21.Ne2 Bxe3 22.
Nxe3 f5 23.h5 Qg5 24.hxg6 Qxe3 25.gxh7+ Kh8 26.Rf1 fxe4 27.Qd2 Nd3+ 28.Kd1
Nxb2+ 29.Qxb2 exf3 30.Nc3 Bg4 31.Bh1 b4 32.Qxb4 Rf4 33.Qxd6 Qxc3 0-1

[Event "11th Capablanca Memorial"]
[Site "Camaguey CUB"]
[Date "1974.??.??"]
[Round "8"]
[White "Rossetto, Hector Decio"]
[Black "Garcia Gonzales, Guillermo"]
[Result "0-1"]
[WhiteElo "2435"]
[BlackElo "2470"]
[EventDate "1974.03.15"]
[PlyCount "68"]

1.e4 Nf6 2.Nc3 d6 3.d4 g6 4.Bg5 c6 5.Qd2 b5 6.f3 Nbd7 7.a4 b4 8.Nd1 Rb8 9.
Bd3 Bg7 10.Ne2 Qa5 11.h4 h6 12.Bf4 e5 13.Be3 d5 14.Nf2 c5 15.dxe5 Nxe5 16.
exd5 Nxd5 17.Bb5+ Rxb5 18.Qxd5 O-O 19.O-O Rb7 20.Qxc5 Qa6 21.Rfe1 Be6 22.
Ne4 Nc4 23.Bd4 Rc8 24.Bxg7 Rxc5 25.Nxc5 Qc6 26.Nxe6 fxe6 27.Bxh6 Qc5+ 28.
Kf1 Rh7 29.Bf4 Rxh4 30.g4 g5 31.Kg2 gxf4 32.Nxf4 e5 33.Nd3 Qd6 34.Nf2 Qh6 
0-1

[Event "11th Capablanca Memorial"]
[Site "Camaguey CUB"]
[Date "1974.??.??"]
[Round "9"]
[White "Garcia Gonzales, Guillermo"]
[Black "Pinal Borges, Nelson"]
[Result "1-0"]
[WhiteElo "2470"]
[BlackElo "2310"]
[EventDate "1974.03.15"]
[PlyCount "83"]

1.c4 f5 2.Nf3 Nf6 3.g3 g6 4.b3 Bg7 5.Bb2 d6 6.d4 c6 7.Bg2 Qa5+ 8.Nbd2 O-O 
9.O-O Nbd7 10.Ng5 Nb6 11.Qc2 h6 12.Ngf3 d5 13.Nh4 Kh7 14.Bc3 Qa6 15.c5 
Nbd7 16.f3 e6 17.e4 Ng8 18.exf5 exf5 19.Rfe1 b5 20.Bf1 Qb7 21.Bd3 Qc7 22.
b4 a5 23.a3 axb4 24.axb4 Rxa1 25.Bxa1 Qd8 26.Nb3 Nb8 27.Bc3 Re8 28.f4 
Rxe1+ 29.Bxe1 Qe7 30.Nf3 Nf6 31.Ne5 Bd7 32.Qa2 Be8 33.Qa8 Qc7 34.Na5 Ne4 
35.Nb7 Bf6 36.Bxe4 fxe4 37.Nd6 Bd7 38.Kg2 Be7 39.g4 Bxd6 40.cxd6 Qxd6 41.
Qb7 Kg8 42.Bg3 1-0

[Event "11th Capablanca Memorial"]
[Site "Camaguey CUB"]
[Date "1974.??.??"]
[Round "9"]
[White "Gufeld, Eduard"]
[Black "Ribli, Zoltan"]
[Result "1-0"]
[WhiteElo "2500"]
[BlackElo "2525"]
[EventDate "1974.03.15"]
[PlyCount "113"]

1.e4 c5 2.Nf3 d6 3.Bb5+ Bd7 4.Bxd7+ Qxd7 5.c4 Nc6 6.d4 cxd4 7.Nxd4 Nf6 8.
Nc3 g6 9.f3 Nxd4 10.Qxd4 Bg7 11.Bd2 O-O 12.Qd3 a6 13.O-O Rac8 14.Rac1 Rfd8
15.Rfd1 Qc6 16.b3 Kf8 17.Be3 Nd7 18.Kh1 Re8 19.Nd5 b5 20.cxb5 Qxb5 21.Qxb5
axb5 22.Nc7 Red8 23.Nxb5 Bb2 24.Bh6+ Kg8 25.Rc7 Rxc7 26.Nxc7 f5 27.Rb1 Be5
28.b4 Kf7 29.b5 Rc8 30.Nd5 Ra8 31.b6 Rxa2 32.b7 Nb8 33.Be3 e6 34.Nb4 Ra4 
35.Bb6 d5 36.Nd3 Bd4 37.Bc7 dxe4 38.fxe4 Ba7 39.Ne5+ Kg7 40.exf5 exf5 41.
Bxb8 Bxb8 42.Nc6 Bc7 43.Kg1 Rc4 44.b8=Q Bxb8 45.Nxb8 h5 46.Nd7 g5 47.Ne5 
Ra4 48.Nf3 g4 49.Rb7+ Kh6 50.Rb6+ Kg7 51.Rb7+ Kh6 52.Rb6+ Kg7 53.Ne1 h4 
54.Rc6 f4 55.Kf1 Re4 56.Rd6 Ra4 57.h3 1-0

[Event "11th Capablanca Memorial"]
[Site "Camaguey CUB"]
[Date "1974.??.??"]
[Round "9"]
[White "Estevez Morales, Guillermo"]
[Black "Cobo Arteaga, Eldis"]
[Result "1-0"]
[WhiteElo "2345"]
[BlackElo "2395"]
[EventDate "1974.03.15"]
[PlyCount "64"]

1.Nf3 Nf6 2.c4 c6 3.d4 d5 4.cxd5 cxd5 5.Bf4 Qb6 6.Nbd2 Qxb2 7.Rb1 Qa3 8.e4
e6 9.exd5 Bb4 10.Bb5+ Bd7 11.Bxd7+ Nbxd7 12.dxe6 fxe6 13.O-O Nd5 14.Be5 
O-O 15.Ng5 Nxe5 16.dxe5 Bxd2 17.Qxd2 Qa6 18.f4 Rad8 19.Qc2 g6 20.Qc5 Rc8 
21.Qd6 Qxd6 22.exd6 Rfd8 23.Rxb7 Rxd6 24.Rxa7 Ne3 25.Ne4 Rd3 26.Nf6+ Kf8 
27.Nxh7+ Kg8 28.Nf6+ Kf8 29.Rb1 Rd2 30.g3 Rd1+ 31.Rxd1 Nxd1 32.Ne4 Ne3 1-0